1240 1110 1144 1807 1775 1950 1791 1497 1858 1586 1822 1360 1170 1584 1623 1534 1948 1455 1704 1380 1267 1331 1134 1107 1679 1884 1781 1001 1579 1885 1418 1065 1063 1457 1783 1245 1166 1108 1403 1294 1910 1582 1421 1642 1168 1201 1945 1951 1787 1775 1245 1620 1595 1713 1945 1080 1184 1544 1245 1605 1712 1999 1072 1665 1357 1429 1459 1013 1777 1052 1734 1576 1796 1524 1305 1454 1937 1673 1402 1869 1777 1362 1346 1290 1103 1845 1476 1756 1540 1312 1410 1862 1219 1355 1872 1380 1521 1884 1118 BCNSPRNW ULIB Ver.6.0+V

เปลี่ยนเป็นภาษาไทย

Change to English
 แสดงรายละเอียดบรรณานุกรม
  กลับหน้าหลัก

Brief Record : Get Marc (ISO 2709) : E-mail record : QR code < ปิดหน้าต่าง
LEADER : 00000nam 2200000uu 4500
001    13399111470
003     ULIB
008    110628s2551||||th 000 0 tha d
020    9749300351
060 04 QU160^bม780ค 2551
245 00 คู่มือฉลาดใช้วิตามิน แร่ธาตุ และสมุนไพร = ^bReader sDigest guide to vitamins, minerals and supplements /^cบรรณาธิการ, เมวิตา วงศ์วิเชียรชัย ; คณะผู้แปล: กิจจา ฤดีขจร ... [และคนอื่นๆ]]
246 31 Reader s Digest guide to vitamins, minerals andsupplements
250    พิมพ์ครั้งที่ 3
260    กรุงเทพฯ :^bรีดเดอร์ส ไดเจสท์,^c2551
300    423 หน้า :^bภาพประกอบสี ;^c27 ซม.
650  7 ผลิตภัณฑ์เสริมอาหาร
650  7 วิตามิน
650  7 วิตามินในโภชนาการมนุษย์
650  7 สมุนไพร
650  7 สารอาหาร^vรวมเรื่อง
700 0  เมวิตา วงศ์วิเชียรชัย,^eบรรณาธิการ
700 0  กิจจา ฤดีขจร,^eผู้แปล
710 2  รีดเดอร์ส ไดเจสท์ (ประเทศไทย)
945    ^p1890^l0^i16557
995    กัณชพร
999    ^aใช้งานได้ทุกระบบ
รายการนี้ยังไม่มีแท็ก
คุณยังไม่ได้ล็อกอิน คุณสามารถมีกิจกรรมร่วมกับเว็บไซต์ได้ แต่ต้องล็อกอินก่อน ::
  ล็อกอิน

รายการสื่อสารสนเทศ

ลำดับที่ ประเภท เลขเรียก/บาร์โค้ด สถานที่ สถานะ
1. วิทยาศาสตร์การแพทย์ และสุขภาพ
วิทยาศาสตร์การแพทย์ และสุขภาพ
QU160 ม780ค 2551  
  Barcode: 16557
ห้องสมุดวิทยาเขตสวรรค์ประชารักษ์
►ส่วนจัดเก็บหนังสือเก่า สปร
บนชั้น
  ขอยืม

รายการใกล้เคียง
    หัวเรื่อง [ผลิตภัณฑ์เสริมอาหาร]
    หัวเรื่อง [วิตามิน]
    หัวเรื่อง [วิตามินในโภชนาการมนุษย์]
    หัวเรื่อง [สมุนไพร]

BibComment


ยังไม่เคยถูกคอมเมนท์

คอมเมนท์ทรัพยากรรายการนี้
  คอมเมนท์: คู่มือฉลาดใช้วิตา..


 Copyright 2026. Bcnsprnw @Library